| 000 | 00717nam a2200217 4500 | ||
|---|---|---|---|
| 010 | _a151150 | ||
| 020 | _c45.00 | ||
| 035 | _a151150 | ||
| 037 | _bCen Lib / Ret | ||
| 040 |
_aDPL _bEN |
||
| 082 |
_a413.8 _bAPT |
||
| 100 | _aApte's, V. S. | ||
| 245 |
_aThe practical sanskrit - english dictionary _cby V. S. Apte's ; edited by P. K. Gode [and] C. G. Karve |
||
| 260 |
_aPoona _bPrasad Prakashan _c1959 |
||
| 270 |
_a689/23 Sadashiv Peth _bPoona |
||
| 300 |
_av 1. 631 ; v 3. 8, 1297-1768+118 ; _b27cm(Hb) |
||
| 505 | _av 3. य -ह एंड 6 appendixes | ||
| 650 | _aSanskrit - English Dictionary | ||
| 650 | _aEnglish - Sanskrit -- Encyclopedia | ||
| 942 |
_2ddc _cEN _h413.8 _mAPT |
||
| 999 |
_c136460 _d136460 |
||